000 01310nam a2200385 i 4500
001 192665
003 ItRI
005 20240226153227.0
008 230509s2017 it |||||| ||||| |||||c
020 _a9788817120357
040 _bita
_cES-MaACL
080 _a821.111-32"18"
100 1 _aConrad, Joseph
_940217
_eaut
245 1 3 _aIl compagno segreto /
_cJoseph Conrad ; introduzione di Andrea Zanzotto ; traduzione di Pietro De Logu ; a cura di Francesco Giacobelli.
250 _aSedicesima edizione
264 1 _a[Milano] :
_bBUR,
_c2017
300 _a165 páginas ;
_c18 cm
490 _aClassici moderni
500 _aÍndice
504 _aBibliografía: páginas 46-50
534 _pTraducción de: The secret sharer
546 _aEn cub.: "Testo inglese a fronte"
546 _aTexto en italiano e inglés
655 7 _9226829
_aCuentos
700 1 _aZanzotto, Andrea
_9176497
_eaui
700 1 _aDe Logu, Pietro
_9176499
_etrl
700 1 _aGiacobelli, Francesco
_epbl
_9176498
830 0 _aClassici moderni
_9176500
852 _aEs-MaACL
_bR.153387
_jN-8297
_cDEPOJ
_hDonación: José Lázaro García
_9199964
903 _aLázaro García, José
_ednr
942 _cMONOGRAFIA
_n0
982 1 _6z01
_an
999 _c192665
_d192665